| 000 | 00690nam a2200253Ia 4500 | ||
|---|---|---|---|
| 003 | OSt | ||
| 005 | 20221005025905.0 | ||
| 006 | a|||||r|||| 00| 0 | ||
| 007 | ta | ||
| 008 | 221004b |||||||| |||| 00| 0 eng d | ||
| 024 | _a52449 | ||
| 037 | _cTextual | ||
| 040 |
_aCRL _cCRL _beng |
||
| 041 |
_2eng _aeng |
||
| 082 | _aQ6:3.1'N, N7 | ||
| 100 | _aFord David F Ed. | ||
| 245 | 0 |
_aModern Theologians _b An introduction to Christian theology in the twentieth century |
|
| 250 | _a2nd | ||
| 260 |
_aCambridge _bBlackwell _c1997 |
||
| 300 |
_a772p. _ccm. |
||
| 650 | _aRELIGION | ||
| 942 |
_hQ6:3.1'N, N7 _cTEXL _2cc |
||
| 999 |
_c935396 _d935396 |
||